|
|
|
|
| LEADER |
00807nab a2200217 i 4500 |
| 001 |
publ12555 |
| 005 |
20200320195046.0 |
| 008 |
171220s2017 hu o 0|| zxx d |
| 022 |
|
|
|a 1570-1794
|
| 024 |
7 |
|
|a 10.2174/1570179414666161116110813
|2 doi
|
| 024 |
7 |
|
|a 3160629
|2 mtmt
|
| 040 |
|
|
|a SZTE Publicatio Repozitórium
|b hun
|
| 041 |
|
|
|a zxx
|
| 100 |
1 |
|
|a Szakonyi Zsolt
|
| 245 |
1 |
0 |
|a Stereoselective Synthesis and Antiproliferative Activity of Monoterpene-Fused 2-Imino-1,3-oxazines
|h [elektronikus dokumentum] /
|c Szakonyi Zsolt
|
| 260 |
|
|
|a Bentham Science Publishers Ltd.
|c 2017
|
| 300 |
|
|
|a 612-619
|
| 490 |
0 |
|
|a Current Organic Synthesis
|v 14 No. 4
|
| 700 |
0 |
1 |
|a Zupkó István
|e aut
|
| 700 |
0 |
1 |
|a Fülöp Ferenc
|e aut
|
| 856 |
4 |
0 |
|u http://publicatio.bibl.u-szeged.hu/12555/1/SzakonyiCOS2017.pdf
|z Dokumentum-elérés
|